Výučbová aplikácia pre oblasť matíc

Gespeichert in:
Bibliographische Detailangaben
1. Verfasser: Budarin, Anton (Verfasst von)
Weitere Verfasser: Takáč, Zdenko (Betreuung Doktorarbeit)
Format: Manuskript Buch
Sprache:Slowakisch
Veröffentlicht: 2025
Schlagworte:
Online-Zugang:http://is.stuba.sk/zp/portal_zp.pl?podrobnosti=178108
Tags: Tag hinzufügen
Keine Tags, Fügen Sie das erste Tag hinzu!

MARC

LEADER 00000ntm a22000003a 4500
001 stuzp103774
003 SK-STU
005 20250628210820.1
007 ta
008 150427s2015----xo-----f-mn---000-0-slo-d
040 |a STU  |b slo 
041 0 |a slo 
100 1 |a Budarin, Anton  |u 066000  |4 aut  |U MTF Materiálovotechnologická fakulta  |T MTF Ústav aplikovanej informatiky, automatizácie a mechatroniky  |X 122360  |U M6000  |Y 86  |7 122360 
242 0 1 |a Educational application for the field of matrices  |y eng 
245 1 0 |a Výučbová aplikácia pre oblasť matíc 
260 |c 2025 
650 4 |a matice  |2 slo 
650 4 |a WPF  |2 slo 
650 4 |a výučbová aplikácia  |2 slo 
650 4 |a matrices  |2 eng 
650 4 |a WPF  |2 eng 
650 4 |a educational application  |2 eng 
700 1 |a Takáč, Zdenko  |u 066000  |k Z1  |4 ths  |U MTF Materiálovotechnologická fakulta  |T MTF Ústav aplikovanej informatiky, automatizácie a mechatroniky  |X 43247  |U M6000  |Y 86  |7 A000043247 
856 4 |u http://is.stuba.sk/zp/portal_zp.pl?podrobnosti=178108 
996 |c M* BP-9890  |l MMSKP  |s P  |a 0  |w stuzp103774_0001